[Event "CAN-ch U20 2001"]
[Site "Montreal CAN"]
[Date "2001.01.05"]
[Round "5"]
[White "Egorov, Mikhail"]
[Black "Predescu, Sebastian"]
[Result "1/2-1/2"]
[WhiteElo "1996"]
[BlackElo "2042"]
[PlyCount "53"]
[GameId "2160767911627199"]
[EventDate "2001.01.03"]
[EventType "swiss"]
[EventRounds "9"]
[EventCountry "CAN"]

1. e4 c5 2. Nf3 d6 3. d4 cxd4 4. Nxd4 Nf6 5. Nc3 a6 6. f3 e5 7. Nb3 Be7 8. Be3 Be6 9. g4 h6 10. Qd2 d5 11. exd5 Nxd5 12. Nxd5 Bxd5 13. Bg2 Bh4+ 14. Bf2 Bxf2+ 15. Qxf2 Qc7 16. O-O-O Bxb3 17. axb3 O-O 18. g5 h5 19. f4 exf4 20. h4 g6 21. Rd4 Nc6 22. Rxf4 Rad8 23. Rf1 Qa5 24. Ra4 Qc7 25. Rc4 Qa5 26. Ra4 Qc7 27. Rc4 1/2-1/2

[Event "CAN-ch U20 2001"]
[Site "Montreal CAN"]
[Date "2001.01.05"]
[Round "5"]
[White "Godin, Robert"]
[Black "Davies, Noam"]
[Result "0-1"]
[WhiteElo "1361"]
[BlackElo "1537"]
[PlyCount "90"]
[GameId "2160767911627200"]
[EventDate "2001.01.03"]
[EventType "swiss"]
[EventRounds "9"]
[EventCountry "CAN"]

1. e4 c5 2. Nf3 e6 3. d4 cxd4 4. Qxd4 Nc6 5. Qe3 g6 6. c3 Bh6 7. Qd3 Bxc1 8. Nbd2 Bxb2 9. Rb1 Ba3 10. Nc4 Bf8 11. e5 b5 12. Nd6+ Bxd6 13. Qxd6 a6 14. Be2 Nge7 15. O-O O-O 16. Rfd1 Nd5 17. Rb3 Qe7 18. Qxe7 Ncxe7 19. c4 bxc4 20. Bxc4 Ra7 21. Rdb1 Nc6 22. Ng5 Na5 23. Bxd5 Nxb3 24. Bxb3 Rc7 25. Ba4 Bb7 26. h3 Rfc8 27. Kh2 Bc6 28. Bc2 Rb7 29. Re1 Bd5 30. Ne4 Rxc2 31. Nd6 Rbb2 32. Ne8 Rxf2 33. Nf6+ Rxf6 34. exf6 Rxg2+ 35. Kh1 Re2+ 36. Kg1 Rxe1+ 37. Kh2 h5 38. h4 e5 39. a4 e4 40. a5 e3 41. Kg3 Rg1+ 42. Kh2 e2 43. Kxg1 e1=Q+ 44. Kh2 Qf2+ 45. Kh3 Be6# 0-1

[Event "CAN-ch U20 2001"]
[Site "Montreal CAN"]
[Date "2001.01.05"]
[Round "5"]
[White "Gottlieb, Jonathan"]
[Black "Raheb, David"]
[Result "0-1"]
[WhiteElo "2118"]
[BlackElo "2170"]
[PlyCount "74"]
[GameId "2160767911627201"]
[EventDate "2001.01.03"]
[EventType "swiss"]
[EventRounds "9"]
[EventCountry "CAN"]

1. e4 c5 2. Nf3 d6 3. d4 cxd4 4. Nxd4 Nf6 5. Nc3 a6 6. Be2 e5 7. Nb3 Be7 8. O-O O-O 9. Be3 Be6 10. f4 b5 11. f5 Bc4 12. g4 d5 13. exd5 Bxe2 14. Qxe2 Nxd5 15. Ne4 Qc7 16. Rad1 Rd8 17. g5 Bf8 18. Rf3 Nc6 19. Rh3 Nxe3 20. Rxd8 Rxd8 21. Qxe3 Qd7 22. Qf2 Qd1+ 23. Kg2 Qg4+ 24. Ng3 Nb4 25. Rh5 Rc8 26. h3 Qd1 27. Ne2 Rxc2 28. Nbc1 Rxc1 29. g6 Rc2 30. gxf7+ Kxf7 31. Qa7+ Kg8 32. f6 Rxe2+ 33. Kg3 Qd3+ 34. Kh4 Re4+ 35. Kg5 Qd2+ 36. Kf5 Qf4+ 37. Ke6 Qxf6+ 0-1

[Event "CAN-ch U20 2001"]
[Site "Montreal CAN"]
[Date "2001.01.05"]
[Round "5"]
[White "Gurevich, Artjom"]
[Black "Davies, Lucas"]
[Result "1-0"]
[WhiteElo "2312"]
[BlackElo "1936"]
[PlyCount "69"]
[GameId "2160767911627202"]
[EventDate "2001.01.03"]
[EventType "swiss"]
[EventRounds "9"]
[EventCountry "CAN"]

1. d4 Nf6 2. c4 e6 3. Nf3 Bb4+ 4. Bd2 Qe7 5. g3 b6 6. Bg2 Bb7 7. O-O Bxd2 8. Qxd2 d6 9. Nc3 O-O 10. d5 exd5 11. cxd5 Nbd7 12. Rac1 Nc5 13. Rfd1 Rac8 14. Nd4 Nce4 15. Nxe4 Nxe4 16. Qe3 Rfe8 17. Bh3 Ra8 18. Nb5 Nc5 19. Qxe7 Rxe7 20. b4 Na6 21. a3 Rae8 22. Bg4 Ra8 23. Rc3 Kf8 24. Bf3 Ke8 25. Rdc1 Kd8 26. e4 f6 27. Bg2 Rf7 28. Bh3 g5 29. Nd4 Ke8 30. Be6 Rg7 31. Nf5 Rg6 32. Rxc7 Nxc7 33. Rxc7 Ba6 34. Nxd6+ Kf8 35. Rf7+ 1-0

[Event "CAN-ch U20 2001"]
[Site "Montreal CAN"]
[Date "2001.01.05"]
[Round "5"]
[White "Hebert Losier, Francis"]
[Black "Gabriel, Jarrett"]
[Result "1/2-1/2"]
[WhiteElo "1526"]
[BlackElo "1587"]
[PlyCount "111"]
[GameId "2160767911627203"]
[EventDate "2001.01.03"]
[EventType "swiss"]
[EventRounds "9"]
[EventCountry "CAN"]

1. e4 c5 2. Nf3 d6 3. Bc4 Bg4 4. h3 Bh5 5. d3 Nc6 6. g4 Bg6 7. Nc3 h6 8. Be3 e6 9. a3 Nge7 10. Ba2 Nc8 11. Bf4 a6 12. Qe2 Be7 13. Be3 Bf6 14. Bd2 N8a7 15. Rb1 b5 16. Bb3 b4 17. axb4 Nxb4 18. Ba4+ Kf8 19. e5 Be7 20. exd6 Bxd6 21. Ne4 a5 22. Nxd6 Qxd6 23. Qe5 Rd8 24. Qxd6+ Rxd6 25. Ne5 Ke7 26. Bc3 Rg8 27. O-O Bh7 28. Rfe1 Nd5 29. Bxa5 Nf4 30. Kh2 Ra6 31. Nc4 Nxd3 32. Re2 Rb8 33. b3 Nb4 34. Bxb4 Rxb4 35. Na3 Rab6 36. Rd1 Re4 37. Rxe4 Bxe4 38. Rd7+ Kf6 39. Rxa7 Rd6 40. Be8 Bg6 41. Nc4 Rd8 42. Ba4 Bxc2 43. Rc7 Rb8 44. Rxc5 Bxb3 45. Bxb3 Rxb3 46. Ne3 Rd3 47. Kg3 Rd4 48. f4 Rd3 49. Kf3 Rd4 50. Rc6 Ke7 51. Rc4 Rxc4 52. Nxc4 f5 53. Ne5 g5 54. Kg3 Kf6 55. Nd7+ Ke7 56. Ne5 1/2-1/2

[Event "CAN-ch U20 2001"]
[Site "Montreal CAN"]
[Date "2001.01.05"]
[Round "5"]
[White "Masse, Hugues"]
[Black "Henson, Joshua"]
[Result "0-1"]
[WhiteElo "2085"]
[BlackElo "2136"]
[PlyCount "62"]
[GameId "2160767911627205"]
[EventDate "2001.01.03"]
[EventType "swiss"]
[EventRounds "9"]
[EventCountry "CAN"]

1. d4 c5 2. d5 e5 3. e4 d6 4. Nf3 Nf6 5. Nc3 Be7 6. Be2 O-O 7. O-O Ne8 8. Nd2 f5 9. exf5 Bxf5 10. Nc4 g5 11. Bd3 Qd7 12. a4 Ng7 13. Ne4 Bxe4 14. Bxe4 Na6 15. Ra3 h6 16. h4 Rf4 17. Bxf4 gxf4 18. h5 Nc7 19. Qf3 Rf8 20. Na5 Nce8 21. Rb3 Qxa4 22. Rxb7 Qxa5 23. Rxe7 Nf6 24. Bg6 Qb6 25. Ra1 a5 26. Ra3 c4 27. Rc3 Qd4 28. Qh3 Qd1+ 29. Kh2 Ng4+ 30. Qxg4 Qxg4 31. Rxc4 Qh4+ 0-1

[Event "CAN-ch U20 2001"]
[Site "Montreal CAN"]
[Date "2001.01.05"]
[Round "5"]
[White "Mitrovic, Bojana"]
[Black "Hua, Lefong"]
[Result "0-1"]
[WhiteElo "2118"]
[BlackElo "2400"]
[PlyCount "94"]
[GameId "2160767911627206"]
[EventDate "2001.01.03"]
[EventType "swiss"]
[EventRounds "9"]
[EventCountry "CAN"]

1. Nf3 Nf6 2. g3 g6 3. Bg2 Bg7 4. O-O O-O 5. d4 d6 6. c4 Nbd7 7. Nc3 e5 8. e4 c6 9. h3 exd4 10. Nxd4 Nc5 11. Be3 Re8 12. Qc2 Qe7 13. Rfe1 a5 14. Rad1 Nfd7 15. b3 Na6 16. f4 Ndc5 17. Qd2 a4 18. Nxa4 Nxa4 19. bxa4 Nc5 20. a5 Be6 21. Nxe6 Qxe6 22. Qxd6 Qxd6 23. Rxd6 Nxe4 24. Rd7 Nc5 25. Rdd1 Bc3 26. Re2 Rxa5 27. Kf1 Rea8 28. Bxc5 Rxc5 29. Rd7 Rxc4 30. Rxb7 Bd4 31. Rbe7 Rc1+ 32. Re1 Rxe1+ 33. Rxe1 Rxa2 34. Re8+ Kg7 35. Bxc6 Rf2+ 36. Ke1 Rh2 37. Re4 Bf2+ 38. Ke2 Bxg3+ 39. Kf3 Bh4 40. f5 Rxh3+ 41. Kg4 Rc3 42. Be8 Bf6 43. Rb4 Re3 44. Bb5 Be5 45. fxg6 hxg6 46. Bc6 Rg3+ 47. Kh4 Kh6 0-1

[Event "CAN-ch U20 2001"]
[Site "Montreal CAN"]
[Date "2001.01.05"]
[Round "5"]
[White "Mogilevsky, Olga"]
[Black "Robichaud, Martin"]
[Result "0-1"]
[WhiteElo "1768"]
[BlackElo "1974"]
[PlyCount "78"]
[GameId "2160767911627207"]
[EventDate "2001.01.03"]
[EventType "swiss"]
[EventRounds "9"]
[EventCountry "CAN"]

1. e4 e6 2. d4 d5 3. e5 c5 4. c3 Nc6 5. Nf3 Qb6 6. a3 Bd7 7. b4 cxd4 8. cxd4 Rc8 9. Be2 Nge7 10. O-O Nf5 11. Bb2 a5 12. b5 Nce7 13. Nc3 Ng6 14. g3 Qd8 15. Bd3 h5 16. Ne2 Be7 17. Kh1 Nf8 18. Qb3 g5 19. Nd2 g4 20. Rae1 Bg5 21. f4 Be7 22. Rc1 Rxc1 23. Rxc1 h4 24. Kg2 Ng6 25. Bxf5 exf5 26. Qxd5 Bc6 27. Qxc6+ bxc6 28. bxc6 h3+ 29. Kf2 O-O 30. Nc4 Qd5 31. c7 Qg2+ 32. Ke1 Qxh2 33. Nb6 Qh1+ 34. Kd2 Qb7 35. c8=Q Rxc8 36. Rxc8+ Kh7 37. d5 Qxb6 38. Bd4 Qb7 39. Rc6 h2 0-1

[Event "CAN-ch U20 2001"]
[Site "Montreal CAN"]
[Date "2001.01.05"]
[Round "5"]
[White "Moskvitch, Andrei"]
[Black "Tessier, Olivier"]
[Result "1-0"]
[WhiteElo "2201"]
[BlackElo "2117"]
[PlyCount "91"]
[GameId "2160767911627208"]
[EventDate "2001.01.03"]
[EventType "swiss"]
[EventRounds "9"]
[EventCountry "CAN"]

1. e4 c5 2. Nf3 Nf6 3. e5 Nd5 4. Nc3 e6 5. Nxd5 exd5 6. d4 Nc6 7. Bf4 Qb6 8. Be2 Nxd4 9. Nxd4 cxd4 10. O-O Qxb2 11. Bf3 Qb4 12. Bxd5 d3 13. Qf3 dxc2 14. Bg5 Be7 15. Qxf7+ Kd8 16. Qxg7 Bxg5 17. Qxg5+ Qe7 18. Qxe7+ Kxe7 19. Rac1 Rb8 20. Rxc2 Rf8 21. f4 b6 22. g3 Bb7 23. Rd1 Bxd5 24. Rxd5 Rfc8 25. Rcd2 Rb7 26. Kf2 Rc6 27. g4 Rbc7 28. f5 Rc5 29. Rxc5 Rxc5 30. Re2 Rc3 31. Re3 Rc2+ 32. Re2 Rc3 33. Kg2 b5 34. e6 dxe6 35. Rxe6+ Kf7 36. Ra6 Rc7 37. Kg3 b4 38. Kf4 Re7 39. h4 Rb7 40. g5 Kg7 41. h5 Rc7 42. h6+ Kg8 43. g6 Rb7 44. Ke5 Kh8 45. Rc6 Rb8 46. f6 1-0

[Event "CAN-ch U20 2001"]
[Site "Montreal CAN"]
[Date "2001.01.05"]
[Round "5"]
[White "Ramaswamy, Kishor"]
[Black "Ng, Gary"]
[Result "1-0"]
[WhiteElo "1900"]
[BlackElo "1703"]
[PlyCount "41"]
[GameId "2160767911627209"]
[EventDate "2001.01.03"]
[EventType "swiss"]
[EventRounds "9"]
[EventCountry "CAN"]

1. d4 d5 2. Nf3 Nf6 3. Bf4 e6 4. Nbd2 Bd6 5. e3 O-O 6. Bd3 Re8 7. c3 Nbd7 8. Ne5 Nf8 9. O-O N6d7 10. e4 f6 11. Nxd7 Bxf4 12. Nxf8 Rxf8 13. g3 Bxd2 14. Qxd2 f5 15. exf5 exf5 16. f4 Qf6 17. Rfe1 Be6 18. Re5 Rfe8 19. Rae1 Kf7 20. Qe2 a6 21. Bxf5 1-0

[Event "CAN-ch U20 2001"]
[Site "Montreal CAN"]
[Date "2001.01.05"]
[Round "5"]
[White "Rolfe, Warrick"]
[Black "Wilson, Jonathan"]
[Result "1-0"]
[WhiteElo "2159"]
[BlackElo "1842"]
[PlyCount "43"]
[GameId "2160767911627210"]
[EventDate "2001.01.03"]
[EventType "swiss"]
[EventRounds "9"]
[EventCountry "CAN"]

1. e4 d6 2. Nc3 g6 3. Bc4 Bg7 4. f4 c5 5. Nf3 Nc6 6. a4 e6 7. O-O Nge7 8. Ba2 a6 9. d3 Bd7 10. Kh1 f5 11. Ng5 Qc8 12. exf5 Nxf5 13. Re1 Ncd4 14. Ne2 h6 15. Nxd4 Nxd4 16. Ne4 Ke7 17. c3 Nc6 18. Qg4 Qe8 19. Qh4+ Kf8 20. Nxd6 Qe7 21. Qxe7+ Kxe7 22. Nxb7 1-0

[Event "CAN-ch U20 2001"]
[Site "Montreal CAN"]
[Date "2001.01.05"]
[Round "5"]
[White "Sadoway, Steven"]
[Black "Xia, Yanchong"]
[Result "1-0"]
[WhiteElo "2019"]
[BlackElo "1811"]
[PlyCount "99"]
[GameId "2160767911627211"]
[EventDate "2001.01.03"]
[EventType "swiss"]
[EventRounds "9"]
[EventCountry "CAN"]

1. e4 c5 2. Nf3 Nc6 3. d4 cxd4 4. Nxd4 Nf6 5. Nc3 e5 6. Ndb5 d6 7. Nd5 Nxd5 8. exd5 Nb8 9. c4 Be7 10. Be2 O-O 11. O-O a6 12. Nc3 Nd7 13. Kh1 f5 14. f4 Bf6 15. Qc2 g6 16. Be3 exf4 17. Bxf4 Ne5 18. Rac1 Bd7 19. b4 Rc8 20. Qb3 Kh8 21. a4 g5 22. Be3 f4 23. Bg1 f3 24. gxf3 Bh3 25. Rf2 Ng6 26. Bf1 Nf4 27. Ne2 Bf5 28. Rd1 Qe8 29. Ng3 Bd7 30. b5 Be5 31. Rfd2 Qg6 32. Bd4 Bxd4 33. Rxd4 Qh6 34. Qb2 Kg8 35. Qd2 Bh3 36. Re4 Bxf1 37. Rxf1 Qh3 38. Rf2 Rce8 39. Qe3 Rc8 40. Qd2 axb5 41. axb5 Ra8 42. Qc3 Kf7 43. c5 Nxd5 44. Qd4 Nf6 45. cxd6 Nxe4 46. fxe4+ Kg6 47. Nf5 Kh5 48. Qg7 Rfc8 49. Qxh7+ Kg4 50. Nh6+ 1-0

[Event "CAN-ch U20 2001"]
[Site "Montreal CAN"]
[Date "2001.01.05"]
[Round "5"]
[White "Wang, Hao Yuan"]
[Black "Stevens, Christian"]
[Result "1/2-1/2"]
[WhiteElo "2129"]
[BlackElo "2063"]
[PlyCount "59"]
[GameId "2160767911627212"]
[EventDate "2001.01.03"]
[EventType "swiss"]
[EventRounds "9"]
[EventCountry "CAN"]

1. e4 e6 2. d4 d5 3. Nd2 a6 4. c3 c5 5. exd5 exd5 6. Ngf3 Nf6 7. Bd3 Be7 8. O-O O-O 9. h3 Nc6 10. dxc5 Bxc5 11. Nb3 Ba7 12. Bg5 Qd6 13. Qd2 Bxh3 14. Bf4 Qd7 15. gxh3 Qxh3 16. Nfd4 Rfe8 17. Rfe1 Qg4+ 18. Bg3 Ne5 19. Kg2 Nc4 20. Bxc4 dxc4 21. Na5 Qd7 22. Qg5 Bxd4 23. cxd4 Ne4 24. Qh5 Nxg3 25. Qf3 Nf5 26. Qxb7 Qxd4 27. Kg1 Nh4 28. Re3 Nf5 29. Rxe8+ Rxe8 30. Qc6 1/2-1/2

[Event "CAN-ch U20 2001"]
[Site "Montreal CAN"]
[Date "2001.01.05"]
[Round "5"]
[White "Xu, Sheng Jun"]
[Black "Kapadia, Ronak"]
[Result "1/2-1/2"]
[WhiteElo "2085"]
[BlackElo "2073"]
[PlyCount "30"]
[GameId "2160767911627213"]
[EventDate "2001.01.03"]
[EventType "swiss"]
[EventRounds "9"]
[EventCountry "CAN"]

1. e4 c6 2. d4 d5 3. exd5 cxd5 4. Bd3 Nc6 5. c3 Nf6 6. Nf3 e6 7. Bf4 Bd6 8. Ne5 Qc7 9. Qe2 Nd7 10. Nxc6 bxc6 11. Bxd6 Qxd6 12. O-O O-O 13. f4 c5 14. Nd2 Rb8 15. b3 Bb7 1/2-1/2

[Event "CAN-ch U20 2001"]
[Site "Montreal CAN"]
[Date "2001.01.05"]
[Round "6"]
[White "Beaudry, Lukas"]
[Black "Mogilevsky, Olga"]
[Result "0-1"]
[WhiteElo "1945"]
[BlackElo "1768"]
[PlyCount "66"]
[GameId "2160767911627214"]
[EventDate "2001.01.03"]
[EventType "swiss"]
[EventRounds "9"]
[EventCountry "CAN"]

1. e4 e5 2. f4 d5 3. exd5 e4 4. d3 Nf6 5. dxe4 Nxe4 6. Qf3 Nf6 7. Bb5+ Bd7 8. Bxd7+ Qxd7 9. c4 c6 10. Nc3 Bb4 11. Qe2+ Be7 12. Nf3 O-O 13. Ne5 Qd6 14. Be3 cxd5 15. Rd1 Nc6 16. Nb5 Qb4+ 17. Bd2 Qxb2 18. cxd5 Nxe5 19. d6 Bd8 20. fxe5 Nd5 21. O-O Bb6+ 22. Kh1 Rae8 23. Rfe1 a6 24. Rb1 Qc2 25. Na3 Qxa2 26. Ra1 Qb2 27. Nc4 Qd4 28. Nxb6 Nxb6 29. Rab1 Nd7 30. Rxb7 Rxe5 31. Be3 Qxd6 32. Rd1 Rxe3 33. Rxd7 Qxd7 0-1

[Event "CAN-ch U20 2001"]
[Site "Montreal CAN"]
[Date "2001.01.05"]
[Round "6"]
[White "Davies, Lucas"]
[Black "Xu, Sheng Jun"]
[Result "1/2-1/2"]
[WhiteElo "1936"]
[BlackElo "2065"]
[PlyCount "54"]
[GameId "2160767911627215"]
[EventDate "2001.01.03"]
[EventType "swiss"]
[EventRounds "9"]
[EventCountry "CAN"]

1. e4 e6 2. d3 d5 3. Nd2 Nf6 4. g3 b6 5. Bg2 Bb7 6. Qe2 Be7 7. Ngf3 c5 8. O-O Nc6 9. Re1 Qc7 10. Nf1 h6 11. Bf4 Qd7 12. a3 g5 13. Ne5 Nd4 14. Nxd7 Nxe2+ 15. Rxe2 Nxd7 16. Bd2 dxe4 17. Bxe4 Bxe4 18. Rxe4 Bf6 19. Rb1 Bd4 20. Kg2 Nf6 21. Re2 Nd5 22. Ne3 Nxe3+ 23. Bxe3 Bxe3 24. Rxe3 Ke7 25. Rd1 Rhd8 26. Re4 Rac8 27. h4 Kf6 1/2-1/2

[Event "CAN-ch U20 2001"]
[Site "Montreal CAN"]
[Date "2001.01.05"]
[Round "6"]
[White "Haynes, Nicolas"]
[Black "Rolfe, Warrick"]
[Result "1-0"]
[WhiteElo "1999"]
[BlackElo "2159"]
[PlyCount "83"]
[GameId "2160767911627216"]
[EventDate "2001.01.03"]
[EventType "swiss"]
[EventRounds "9"]
[EventCountry "CAN"]

1. e4 c5 2. Nf3 Nc6 3. d4 cxd4 4. Nxd4 e5 5. Nb5 d6 6. c4 Be7 7. N1c3 a6 8. Na3 Be6 9. Bd3 Bg5 10. O-O Bxc1 11. Rxc1 Nf6 12. Nc2 O-O 13. Nd5 Bxd5 14. cxd5 Ne7 15. a4 Nd7 16. b4 a5 17. b5 Nc5 18. Ne3 b6 19. g3 Ng6 20. Rxc5 dxc5 21. Nc4 Ra7 22. h4 f6 23. Ne3 Nh8 24. Bc4 Nf7 25. d6 Kh8 26. Bxf7 Raxf7 27. Nc4 Rb7 28. Qd5 Qd7 29. Rd1 Rc8 30. Kg2 g6 31. f3 Kg7 32. Kf2 Qf7 33. Qxf7+ Rxf7 34. Nxb6 Rd8 35. d7 f5 36. exf5 Rxf5 37. Nc4 Kf6 38. b6 Ke6 39. b7 e4 40. f4 Rd5 41. Rxd5 Kxd5 42. Ne5 1-0

[Event "CAN-ch U20 2001"]
[Site "Montreal CAN"]
[Date "2001.01.05"]
[Round "6"]
[White "Hebert Losier, Francis"]
[Black "Candow, John"]
[Result "0-1"]
[WhiteElo "1526"]
[BlackElo "1422"]
[PlyCount "70"]
[GameId "2160767911627217"]
[EventDate "2001.01.03"]
[EventType "swiss"]
[EventRounds "9"]
[EventCountry "CAN"]

1. e4 e6 2. Nf3 d5 3. exd5 exd5 4. Qe2+ Be7 5. d4 Nf6 6. Bg5 O-O 7. Nc3 h6 8. Bxf6 Bxf6 9. O-O-O c6 10. h3 Bf5 11. g4 Bh7 12. Re1 Nd7 13. Qd2 b5 14. Bd3 Qa5 15. Bxh7+ Kxh7 16. Qd3+ Kg8 17. a3 Rab8 18. Nd2 Rfe8 19. Rxe8+ Rxe8 20. h4 g6 21. Nb3 Qb6 22. Qd2 Bg7 23. Rg1 a5 24. Na2 c5 25. dxc5 Qf6 26. Qc3 Qf4+ 27. Qd2 Qf3 28. h5 Re2 29. Qd3 Qxd3 30. cxd3 a4 31. Na5 Nxc5 32. hxg6 fxg6 33. f3 Rxb2 34. d4 Nd3+ 35. Kd1 Rb1+ 0-1

[Event "CAN-ch U20 2001"]
[Site "Montreal CAN"]
[Date "2001.01.05"]
[Round "6"]
[White "Henson, Joshua"]
[Black "Wang, Hao Yuan"]
[Result "0-1"]
[WhiteElo "2136"]
[BlackElo "2129"]
[PlyCount "82"]
[GameId "2160767911627218"]
[EventDate "2001.01.03"]
[EventType "swiss"]
[EventRounds "9"]
[EventCountry "CAN"]

1. e4 c5 2. Nf3 d6 3. Bb5+ Bd7 4. Bxd7+ Qxd7 5. O-O Nc6 6. c3 Nf6 7. Re1 e6 8. d4 cxd4 9. cxd4 d5 10. e5 Ne4 11. Be3 Be7 12. Nbd2 Nxd2 13. Nxd2 O-O 14. Qe2 Rac8 15. Rec1 Na5 16. Nf3 Nc4 17. b3 Nxe3 18. Qxe3 Ba3 19. Rd1 Rc6 20. Ne1 Rfc8 21. Rd3 Qc7 22. Rad1 Qa5 23. Kf1 b5 24. g4 Bb4 25. Qe2 Bxe1 26. Qxe1 Qxa2 27. Qb4 Qa6 28. Kg2 Qb6 29. Ra1 a6 30. Rd2 Qd8 31. Rd3 Qg5 32. h3 h6 33. Re3 R8c7 34. Kg3 Qg6 35. Rf3 Qc2 36. Kg2 Qb2 37. Ra5 Qb1 38. Re3 Rc1 39. Qd2 R7c2 40. Qd3 Rh1 41. Qxc2 Qf1+ 0-1

[Event "CAN-ch U20 2001"]
[Site "Montreal CAN"]
[Date "2001.01.05"]
[Round "6"]
[White "Hua, Lefong"]
[Black "Moskvitch, Andrei"]
[Result "0-1"]
[WhiteElo "2400"]
[BlackElo "2201"]
[PlyCount "120"]
[GameId "2160767911627219"]
[EventDate "2001.01.03"]
[EventType "swiss"]
[EventRounds "9"]
[EventCountry "CAN"]

1. c4 c5 2. Nc3 Nc6 3. g3 g6 4. Bg2 Bg7 5. d3 e6 6. h4 d6 7. Nh3 e5 8. Bg5 f6 9. Bd2 Nge7 10. O-O O-O 11. Rb1 Be6 12. Nd5 Qd7 13. Kh2 Rac8 14. a3 h6 15. b4 b6 16. b5 Nd8 17. Qc1 g5 18. Ng1 Nf7 19. hxg5 hxg5 20. f4 gxf4 21. gxf4 Nh6 22. Bh3 Ng4+ 23. Bxg4 Bxg4 24. Nf3 Nxd5 25. cxd5 Qf7 26. Kg3 Bxf3 27. Rxf3 exf4+ 28. Bxf4 Qxd5 29. Qc4 Qxc4 30. dxc4 Rfe8 31. Kf2 Re6 32. Rd3 Rce8 33. e3 Bf8 34. Rg1+ Kf7 35. Rg3 Rd8 36. Rh3 Ke8 37. Rh8 Rd7 38. Kf3 Kf7 39. Rd5 Re8 40. Kg4 Ke6 41. Kh5 Red8 42. e4 Bg7 43. Rxd8 Rxd8 44. Kg6 Bf8 45. Rf5 Be7 46. Bh6 a6 47. bxa6 Ra8 48. Rf3 Rxa6 49. Rc3 Ra8 50. Bg7 Ra7 51. Rb3 Bd8 52. Bf8 Ke5 53. Rd3 Be7 54. Bxe7 Rxe7 55. Rb3 Ra7 56. Rxb6 Rxa3 57. Kf7 Rd3 58. Ke7 Rd4 59. Ra6 Kxe4 60. Kxf6 Kd3 0-1

[Event "CAN-ch U20 2001"]
[Site "Montreal CAN"]
[Date "2001.01.05"]
[Round "6"]
[White "Johnson, Kyle"]
[Black "Davies, Noam"]
[Result "0-1"]
[WhiteElo "1791"]
[BlackElo "1537"]
[PlyCount "114"]
[GameId "2160767911627220"]
[EventDate "2001.01.03"]
[EventType "swiss"]
[EventRounds "9"]
[EventCountry "CAN"]

1. d4 Nf6 2. Nf3 g6 3. Bf4 Bg7 4. h3 O-O 5. e3 c5 6. c3 b6 7. Be2 Bb7 8. Nbd2 Nc6 9. O-O a6 10. Qb3 Ra7 11. a4 d6 12. Nc4 Nd5 13. Bh2 Na5 14. Nxa5 bxa5 15. dxc5 dxc5 16. Rfd1 Qc8 17. Bc4 Nf6 18. Ng5 Qc6 19. f3 e6 20. Rd2 h6 21. Nxf7 Rxf7 22. Bxe6 Qe8 23. Bxf7+ Qxf7 24. Qxf7+ Kxf7 25. Bc7 Bxf3 26. Bxa5 Bc6 27. Bb6 Rd7 28. Rxd7+ Nxd7 29. Bc7 Ne5 30. b3 Ke6 31. Rd1 Bd5 32. c4 Bb7 33. Kf2 Kf5 34. Bd6 Nd7 35. g4+ Ke6 36. Bg3 Ne5 37. Ke2 Bf3+ 38. Kd2 Bxd1 39. Kxd1 Nd3 40. Kd2 Be5 41. Bxe5 Nxe5 42. Ke2 Nc6 43. Kd3 Ke5 44. h4 Nb4+ 45. Ke2 Ke4 46. Kf2 Nd3+ 47. Kg3 Nc1 48. g5 h5 49. Kf2 Nxb3 50. Ke2 Na5 51. Kd2 Nxc4+ 52. Kc3 Nxe3 53. a5 Kf4 54. Kb3 Kg4 55. Kc3 Kxh4 56. Kd3 Kxg5 57. Kxe3 h4 0-1

[Event "CAN-ch U20 2001"]
[Site "Montreal CAN"]
[Date "2001.01.05"]
[Round "6"]
[White "Kapadia, Ronak"]
[Black "Mitrovic, Bojana"]
[Result "0-1"]
[WhiteElo "2073"]
[BlackElo "2118"]
[PlyCount "64"]
[GameId "2160767911627221"]
[EventDate "2001.01.03"]
[EventType "swiss"]
[EventRounds "9"]
[EventCountry "CAN"]

1. e4 g6 2. d4 Bg7 3. Nc3 c6 4. Nf3 d6 5. Bd3 Nf6 6. Bg5 h6 7. Be3 O-O 8. Qd2 Kh7 9. h3 Nbd7 10. e5 dxe5 11. dxe5 Nd5 12. Nxd5 cxd5 13. Bf4 Nc5 14. Rd1 Nxd3+ 15. Qxd3 Qa5+ 16. Bd2 Qxa2 17. b3 Bf5 18. Qxd5 Bxc2 19. Rc1 Qxb3 20. Qc5 Be4 21. Nd4 Qd5 22. f3 Qxc5 23. Rxc5 Bf5 24. Nxf5 gxf5 25. Rc7 Bxe5 26. Rxb7 Bf6 27. Rb5 Rfb8 28. Rxb8 Rxb8 29. Ke2 Rb3 30. Rc1 Ra3 31. g4 Ra2 32. Kd3 Rxd2+ 0-1

[Event "CAN-ch U20 2001"]
[Site "Montreal CAN"]
[Date "2001.01.05"]
[Round "6"]
[White "Masse, Hugues"]
[Black "Bachand-Fleurent, Julien"]
[Result "1/2-1/2"]
[WhiteElo "2085"]
[BlackElo "2009"]
[PlyCount "183"]
[GameId "2160767911627222"]
[EventDate "2001.01.03"]
[EventType "swiss"]
[EventRounds "9"]
[EventCountry "CAN"]

1. Nc3 d5 2. e4 e6 3. Nf3 Nf6 4. e5 Ne4 5. Bd3 Nc5 6. Be2 d4 7. Nb5 Nc6 8. b4 d3 9. cxd3 Nxb4 10. d4 Ncd3+ 11. Kf1 Bd7 12. Nc3 Bc6 13. Bxd3 Nxd3 14. Qe2 Nxc1 15. Rxc1 Be7 16. Ne4 O-O 17. h3 Qd5 18. d3 Qa5 19. Nc5 Rad8 20. Nb3 Qa3 21. Kg1 Rd7 22. Qc2 Bxf3 23. gxf3 Bg5 24. Rd1 b6 25. Kg2 a5 26. h4 Bh6 27. Rhe1 a4 28. Nd2 Rxd4 29. Nc4 Qe7 30. Qxa4 Qxh4 31. Re4 Qg5+ 32. Kf1 Rxe4 33. dxe4 Qh5 34. Ke2 Bf4 35. Qb5 f6 36. Qc6 Bxe5 37. Qxe6+ Qf7 38. Qxf7+ Rxf7 39. Nxe5 fxe5 40. Rd8+ Rf8 41. Rd7 Ra8 42. Rxc7 Rxa2+ 43. Kf1 Rb2 44. Kg2 h5 45. Kg3 Kh7 46. Re7 Rb5 47. f4 exf4+ 48. Kxf4 Kg6 49. Re6+ Kf7 50. Rc6 g5+ 51. Kg3 Rb3+ 52. Kg2 b5 53. Rh6 h4 54. Rb6 Rb1 55. Kh2 b4 56. f3 b3 57. Kg2 b2 58. Kh2 Ke7 59. Kg2 Kd7 60. Kh2 Kc7 61. Rb3 Kd6 62. Rb5 h3 63. Rb8 Ke5 64. Rb7 Kf4 65. Rb3 Ke5 66. Rb8 Kd4 67. Rb7 Ke3 68. e5 Kxf3 69. Rb3+ Kf4 70. e6 g4 71. Rb4+ Kg5 72. e7 Re1 73. Rxb2 Rxe7 74. Rb8 Re6 75. Kg3 Re3+ 76. Kh2 Kf5 77. Rf8+ Ke4 78. Re8+ Kf3 79. Rf8+ Ke2 80. Rf4 g3+ 81. Kxh3 Rf3 82. Ra4 Kf2 83. Ra2+ Ke3 84. Ra3+ Ke4 85. Ra4+ Kd5 86. Kg2 Rb3 87. Rg4 Ke5 88. Rxg3 Rb2+ 89. Kf3 Kf5 90. Rg8 Rb3+ 91. Ke2 Ke4 92. Re8+ 1/2-1/2

[Event "CAN-ch U20 2001"]
[Site "Montreal CAN"]
[Date "2001.01.05"]
[Round "6"]
[White "Ng, Gary"]
[Black "Charbonneau, Anne-Marie"]
[Result "0-1"]
[WhiteElo "1703"]
[BlackElo "1837"]
[PlyCount "38"]
[GameId "2160767911627223"]
[EventDate "2001.01.03"]
[EventType "swiss"]
[EventRounds "9"]
[EventCountry "CAN"]

1. f4 d5 2. Nf3 Nf6 3. e3 e6 4. Be2 Bd6 5. O-O Nc6 6. b3 e5 7. fxe5 Nxe5 8. Bb2 Nxf3+ 9. Bxf3 Be6 10. Nc3 c6 11. e4 dxe4 12. Nxe4 Nxe4 13. Bxe4 Qh4 14. Re1 Bxh2+ 15. Kf1 O-O-O 16. Bxg7 Rhg8 17. Bc3 Bg3 18. Re3 Bg4 19. Rf3 Rge8 0-1